000 01124nas a2200301 4500
001 BR8001398
003 BR-BrBNA
005 20231205084221.0
007 ta
008 230509b bl.|||p| |||| 00| 00por d
040 _aBR-BrBNA
_bpor
_cBiblioteca Nacional de Agricultura
041 _a(Pt)
072 _aF21; F00
100 1 _aPurcino, A.A.C.
245 1 _aNova fonte de nitrogenio para o PROVARZEAS [Arroz; Oryza sativa; Programa de Aproveitamento de Varzeas; Alga; Minas Gerais; Brasil]
246 1 _a[A new source of nitrogen for the "PROVARZEAS" [Rice; Oryza sativa; Programme of Lowland Exploitation; Algae; Minas Gerais; Brazil]]
650 _aBiologia do solo
650 _aProducao vegetal
650 _aArroz
650 _aAlga
650 _aFertilizante nitrogenado
650 _aFixacao simbiotica de nitrogenio
650 _aPratica cultural
650 _aMinas Gerais
773 0 _tInforme Agropecuario - Empresa de Pesquisa Agropecuaria de Minas Gerais (Brazil)
_xISSN 0100-3364
_g(May 1980), v. 6(65) p. 34
_wBR8001398
909 _a202311
_bLúcia
_c55
_dLúcia Elande
942 _2AGRIS
_n0
_cANA
999 _c103826
_d103826